| 000 | 00000nam 2200000zi 4500 |
| 001 | 9.925276 |
| 003 | CaOODSP |
| 005 | 20250129134005 |
| 006 | m o d f |
| 007 | cr mn||||||||| |
| 008 | 230720e202308 qucd obs f000 0 eng d |
| 020 | |a9780660495781 |
| 040 | |aCaOODSP|beng|erda|cCaOODSP |
| 043 | |an-cn--- |
| 086 | 1 |aEn4-144/21-2023E-PDF |
| 245 | 00|aCanadian environmental sustainability indicators : |becological integrity of national parks. |
| 246 | 30|aEcological integrity of national parks |
| 250 | |a[August 2023 edition]. |
| 264 | 1|aGatineau QC : |bEnvironment and Climate Change Canada = Environnement et changement climatique Canada, |cAugust 2023. |
| 264 | 4|c©2023 |
| 300 | |a1 online resource (18 pages) : |bgraphs |
| 336 | |atext|btxt|2rdacontent |
| 337 | |acomputer|bc|2rdamedia |
| 338 | |aonline resource|bcr|2rdacarrier |
| 500 | |aIssued also in French under title: Indicateurs canadiens de durabilité de l'environnement : intégrité écologique des parcs nationaux. |
| 500 | |a"Project code: EC23015." |
| 504 | |aIncludes bibliographical references. |
| 520 | |a"Ecosystems have ecological integrity when their components, such as native species, biological communities, natural landscapes, and ecological functions, are intact and are likely to persist. Annually, Parks Canada summarizes the condition (good, fair, poor) and the trend (improving, stable, declining) of ecosystems' ecological integrity in national parks using a series of monitoring measures to track changes in biodiversity and natural processes"--Page 5. |
| 650 | 0|aNational parks and reserves|zCanada. |
| 650 | 0|aEcological integrity|zCanada|vStatistics. |
| 650 | 0|aEnvironmental indicators|zCanada. |
| 655 | 7|aStatistics|2lcgft |
| 710 | 1 |aCanada. |bEnvironment and Climate Change Canada, |eissuing body. |
| 775 | 08|tIndicateurs canadiens de durabilité de l'environnement : |w(CaOODSP)9.925277 |
| 794 | |tCanadian environmental sustainability indicators : |b(September 2024)|w(CaOODSP)9.943576 |
| 795 | |tCanadian environmental sustainability indicators : |b(November 2022)|w(CaOODSP)9.915380 |
| 856 | 40|qPDF|s1.06 MB|uhttps://publications.gc.ca/collections/collection_2024/eccc/en4/En4-144-21-2023-eng.pdf |
| 856 | 4 |qHTML|sN/A|uhttps://www.canada.ca/en/environment-climate-change/services/environmental-indicators/ecological-integrity-national-parks.html |